| 000 | 00551nam a2200193 a 4500 | ||
|---|---|---|---|
| 005 | 20250116063829.0 | ||
| 008 | 991125s1971 es 000 0 spa u | ||
| 035 | _aUPN01000014967 | ||
| 049 | _aCG | ||
| 050 | 4 |
_aLB1051 _bL4.38 |
|
| 100 | 1 | _aLerot, Gilbert | |
| 245 | 1 | 3 |
_aEl diálogo en la educación / _cGilbert Leroy ; pról. de Pierre Vanberger ; tr. M. Gómez Molleda. |
| 260 |
_aMadrid : _bNarcea, _c1971. |
||
| 300 | _a205 p. | ||
| 440 | 0 | _aEducación hoy | |
| 650 | 4 |
_aEducación _9682 |
|
| 650 | 4 |
_aPsicopedagogía _95085 |
|
| 905 | _aLibro | ||
| 999 |
_c14967 _d14967 |
||